Možnosti zvyšovania hodnoty podniku diplomová práca

Gespeichert in:
Bibliographische Detailangaben
1. Verfasser: Strížová, Veronika
Körperschaft: Fakulta podnikového manažmentu EU. Katedra podnikovohospodárska
Weitere Verfasser: Matušovič, Martin
Format: Buch
Sprache:Slowakisch
Veröffentlicht: Bratislava 2018
Tags: Tag hinzufügen
Keine Tags, Fügen Sie das erste Tag hinzu!

MARC

LEADER 00000nbm a2200000 4500
001 0244742
005 20181004112121.2
041 0 |a slo 
044 |a SK 
245 1 0 |a Možnosti zvyšovania hodnoty podniku  |b diplomová práca  |c Veronika Strížová ; školiteľ: Martin Matušovič 
264 1 |a Bratislava  |c 2018 
300 |a 87 s. 
100 1 |a Strížová, Veronika 
700 1 |a Matušovič, Martin 
710 2 |a Fakulta podnikového manažmentu EU. Katedra podnikovohospodárska